[Event "Sant Adria de Besos op-B 5th"]
[Site "Sant Adria de Besos"]
[Date "2023.08.14"]
[Round "5"]
[White "Aleksanyan Israelyan, Nicolas"]
[Black "Roque Fuentes, Rodolfo"]
[Result "0-1"]
[WhiteElo "1876"]
[BlackElo "1700"]
[PlyCount "82"]
[EventDate "2023.08.11"]
[EventType "swiss"]
[EventRounds "9"]
[EventCountry "ESP"]
[SourceTitle "EXT 2024"]
[Source "ChessBase"]
[SourceDate "2023.10.10"]
[SourceVersion "1"]
[SourceVersionDate "2023.10.10"]
[SourceQuality "1"]

1. e4 e5 2. Nf3 Nc6 3. Bc4 Nf6 4. Ng5 d5 5. exd5 Na5 6. Bb5+ c6 7. dxc6 bxc6 8. Bd3 Nd5 9. Ne4 Be7 10. 0-0 Nf4 11. Nbc3 Nxd3 12. cxd3 0-0 13. b3 f5 14. Ng3 Qxd3 15. Qe2 Qxe2 16. Ngxe2 Ba6 17. Rd1 Rad8 18. Bb2 Rd7 19. d4 Rfd8 20. Ng3 exd4 21. Nxf5 d3 22. Ne4 Bf8 23. Bc3 Nb7 24. Rd2 Rd5 25. Ne3 R5d7 26. Nf5 Nc5 27. Nfg3 Nxe4 28. Nxe4 Re8 29. f3 c5 30. h3 Bd6 31. Nxd6 Rxd6 32. f4 Re2 33. Rad1 Rxd2 34. Rxd2 Re6 35. Be5 g5 36. g3 c4 37. Kf2 Rxe5 38. bxc4 Re2+ 39. Rxe2 dxe2 40. Kxe2 gxf4 41. gxf4 Bxc4+ 0-1

[Event "Sant Adria de Besos op-B 5th"]
[Site "Sant Adria de Besos"]
[Date "2023.08.12"]
[Round "2"]
[White "Roque Fuentes, Rodolfo"]
[Black "Argemi Camp, Jaume"]
[Result "1-0"]
[WhiteElo "1700"]
[BlackElo "1560"]
[PlyCount "109"]
[EventDate "2023.08.11"]
[EventType "swiss"]
[EventRounds "9"]
[EventCountry "ESP"]
[SourceTitle "EXT 2024"]
[Source "ChessBase"]
[SourceDate "2023.10.10"]
[SourceVersion "1"]
[SourceVersionDate "2023.10.10"]
[SourceQuality "1"]

1. d4 d6 2. Nf3 g6 3. c4 Bg7 4. Nc3 Nf6 5. e4 Bd7 6. Be2 Nc6 7. 0-0 e5 8. d5 Ne7 9. Bg5 a6 10. Nd2 Qc8 11. h3 Qb8 12. Be3 Qc8 13. c5 h5 14. cxd6 cxd6 15. Nc4 Qc7 16. Rc1 Nc8 17. Nd2 Qd8 18. Bg5 Qb6 19. Nb3 Qd8 20. Qd2 Qb6 21. Be3 Qd8 22. f4 exf4 23. Bxf4 Qe7 24. Bg5 Qe5 25. Bf4 Qe7 26. Bf3 0-0 27. Bg5 Qe8 28. Rce1 Nh7 29. Bh6 Qe5 30. Bxg7 Kxg7 31. Na5 Rb8 32. Nc4 Qg5 33. Qxg5 Nxg5 34. e5 dxe5 35. Nxe5 Be8 36. Bd1 Nd6 37. h4 Nh7 38. Ne4 Rd8 39. Bb3 Bb5 40. Rf4 Nf5 41. a4 Be8 42. Ng5 Nf6 43. Nxg6 Kxg6 44. Ref1 Nxd5 45. Rxf5 Kg7 46. Ne6+ fxe6 47. Rxf8 Rc8 48. R1f2 Rc1+ 49. Rf1 Rxf1+ 50. Rxf1 Ne3 51. Rc1 Ng4 52. Bxe6 Bxa4 53. Rc7+ Kf6 54. Bf7 Bc6 55. Bxh5 1-0

[Event "IECG CP.2001.Q.00016 email"]
[Site "IECG email"]
[Date "2002.10.01"]
[Round "?"]
[White "Ottaviani, Mauro"]
[Black "Roque Fuentes, Rodolfo"]
[Result "1/2-1/2"]
[WhiteElo "1857"]
[BlackElo "2100"]
[PlyCount "51"]
[EventDate "2002.10.01"]
[EventType "tourn (corr)"]
[EventRounds "6"]
[EventCountry "GER"]
[SourceTitle "Corr 2008"]
[Source "ChessBase"]
[SourceDate "2008.06.24"]
[SourceVersion "1"]
[SourceVersionDate "2008.06.24"]
[SourceQuality "1"]

1. e4 c5 2. Nf3 Nc6 3. d4 cxd4 4. Nxd4 Nf6 5. Nc3 e5 6. Ndb5 d6 7. Bg5 a6 8. Na3 b5 9. Nd5 Be7 10. Bxf6 Bxf6 11. c3 0-0 12. Nc2 Rb8 13. Be2 Bg5 14. 0-0 a5 15. Qd3 Ne7 16. Nxe7+ Qxe7 17. Rfd1 Rb6 18. Ne3 Bxe3 19. Qxe3 Qc7 20. Rd5 Qb8 21. a3 Be6 22. Rd2 Qc7 23. f4 exf4 24. Qxf4 b4 25. axb4 axb4 26. cxb4 1/2-1/2

[Event "IECG CP.2001.P.00003"]
[Site "IECG email"]
[Date "2001.10.01"]
[Round "?"]
[White "Roque Fuentes, Rodolfo"]
[Black "Fedorko, Andrew"]
[Result "1-0"]
[WhiteElo "2100"]
[BlackElo "1966"]
[PlyCount "71"]
[EventDate "2001.10.01"]
[EventType "tourn (corr)"]
[EventRounds "6"]
[SourceTitle "Corr 2008"]
[Source "ChessBase"]
[SourceDate "2008.06.24"]
[SourceVersion "1"]
[SourceVersionDate "2008.06.24"]
[SourceQuality "1"]

1. d4 Nf6 2. c4 g6 3. Nc3 d5 4. cxd5 Nxd5 5. e4 Nxc3 6. bxc3 Bg7 7. Bc4 0-0 8. Ne2 c5 9. Be3 Nc6 10. 0-0 Bg4 11. f3 Na5 12. Bxf7+ Rxf7 13. fxg4 Rxf1+ 14. Kxf1 Qd6 15. Kg1 Qe6 16. Qd3 Qc4 17. Qxc4+ Nxc4 18. Bg5 h6 19. Bc1 Rd8 20. e5 b5 21. g5 b4 22. gxh6 Bh8 23. Bg5 bxc3 24. Bxe7 Re8 25. Bxc5 Nxe5 26. Rd1 Nd7 27. Kf2 Nxc5 28. dxc5 Kh7 29. Rc1 Re5 30. Nxc3 Rxc5 31. Ne2 Rf5+ 32. Ke1 Kxh6 33. Rc4 Ra5 34. a4 g5 35. Nd4 Bxd4 36. Rxd4 1-0